The Making of Modern Japan
A sweeping narrative history of Japan from the Battle of Sekigahara (1600) through the twentieth century, exploring the social, political, economic, and cultural transformations that shaped modern Japan.
Guardat en:
| Autor principal: | |
|---|---|
| Format: | Llibre |
| Idioma: | Vietnamese |
| Publicat: |
Cambridge
The Belknap Press of Harvard University Press
2000
|
| Matèries: | |
| Etiquetes: |
Afegir etiqueta
Sense etiquetes, Sigues el primer a etiquetar aquest registre!
|
| Thư viện lưu trữ: | Thư viện Trường Đại học Nam Cần Thơ |
|---|
| LEADER | 00928nam a22001937a 4500 | ||
|---|---|---|---|
| 001 | NCT_4_027236 | ||
| 008 | 251011b xxu||||| |||| 00| 0 vie d | ||
| 999 | |c 9354 |d 9354 | ||
| 020 | |a 9780674009912 |c $37.00 | ||
| 082 | 0 | 4 | |2 23rd ed. |a 952 |b M343 |
| 100 | 1 | |a Jansen, Marius B. | |
| 245 | 1 | 0 | |a The Making of Modern Japan |c Marius B. Jansen |
| 260 | |a Cambridge |b The Belknap Press of Harvard University Press |c 2000 | ||
| 300 | |a xvi, 871 p. |b ill. |c 24 cm | ||
| 520 | 3 | |a A sweeping narrative history of Japan from the Battle of Sekigahara (1600) through the twentieth century, exploring the social, political, economic, and cultural transformations that shaped modern Japan. | |
| 653 | |a Kinh tế chính trị | ||
| 942 | |2 ddc |c BK | ||
| 952 | |0 0 |1 0 |2 ddc |4 0 |6 952_000000000000000_M343 |7 0 |9 31488 |a 000001 |b 000001 |d 2025-10-11 |o 952 M343 |p MD.24457 |r 2025-10-11 |v 0.00 |w 2025-10-11 |y BK | ||
| 980 | |a Thư viện Trường Đại học Nam Cần Thơ | ||


